Isaac Mammel

Maryland A


Categories

Beliefs040040112126.7503
Other Science: Computer Science03003089102.3333
Science - Physics0420307190.7534
Ancient History and Archaeology030130112123.3323
Fine Arts - Visual Fine Arts020020112126.0012
Philosophy02002090104.5022
Chemistry>020020108118.5002
Other Science: Earth Science1000156969.0011
British and Commonwealth History1000156666.0011
Other Science: Math1000152222.0011
World and Other Literature010110157157.0001
Fine Arts - Auditory Fine Arts010010123123.0011
Geography010010105105.0001
History - American History010010110110.0001
History - World History010010122122.0001
Literature - British Literature010010113113.0001
Other Academic010010101101.0011
Other Arts: Auditory0100107272.0011
Other Arts: Visual010110130130.0001
Other Science: Astronomy010010112112.0011
Social Science010110132132.0001
Science - Biology01105126126.0011
Science - Chemistry01210135135.0011

Buzzes

Other Science: Mathvector spaces1522
British and Commonwealth Historypirate flags1566
Science - Biologyparathyroid glands-567
Other Science: Earth Sciencewaves1569
Science - Physicsentanglement1071
Other Arts: Auditory1920s1072
Science - Physicstime-reversal1087
Other Science: Computer Sciencegraphs1089
Philosophybeliefs1090
Science - Physicsphonons1091